1873 1763 1234 1832 1399 1774 1623 1799 1858 1155 1758 1878 1157 1110 1112 1483 1166 1136 1405 1679 1272 1808 1086 1761 1120 1206 1414 1124 1850 1154 1405 1947 1884 1973 1050 1092 1105 1217 1506 1135 1895 1505 1425 1880 1865 1236 1672 1843 1266 1845 1467 1639 1837 1764 1836 1970 1240 1038 1104 1940 1953 1240 1360 1180 1898 1944 1962 1937 1440 1141 1599 1004 1586 1504 1961 1660 1621 1538 1983 1608 1742 1244 1133 1502 1882 1848 1754 1321 1896 1030 1269 1770 1591 1873 1025 1453 1031 1471 1880 BCNSPRNW ULIB Ver.6.0+V

เปลี่ยนเป็นภาษาไทย

Change to English
 แสดงรายละเอียดบรรณานุกรม
  กลับหน้าหลัก

Brief Record : Get Marc (ISO 2709) : E-mail record : QR code < ปิดหน้าต่าง
LEADER : 00000nam 2200000uu 4500
001    13399112597
003     ULIB
008    110826s2550||||th 000 0 tha d
020    9741333994
020    9789741333998
050  4 HA62^bก398ส 2550
100 0  กัลยา วานิชย์บัญชา
245 10 สถิติสำหรับงานวิจัย /^cกัลยา วานิชย์บัญชา
250    พิมพ์ครั้งที่ 3
260    กรุงเทพฯ :^bภาควิชาสถิติ คณะพาณิชยศาสตร์และการบัญชี จุฬาลงกรณ์มหาวิทยาลัย,^c2550
300    320 หน้า :^bภาพประกอบ ;^c27 ซม.
500    ชื่อเรื่องรองที่ปกนอก: หลักการเลือกใช้เทคนิคทางสถิติในงานวิจัย พร้อมทั้งอธิบายผลลัพธ์ที่ได้จาก SPSS
650  4 วิจัย
650  4 วิจัย^xระเบียบวิธีทางสถิติ
650  4 วิจัย^xสถิติ
650  4 สถิติ
650  4 สถิติวิเคราะห์
650  4 สถิติศาสตร์
650  4 สังคมศาสตร์^xระเบียบวิธีทางสถิติ
650  4 เอสพีเอสเอส (โปรแกรมคอมพิวเตอร์)
710 2  จุฬาลงกรณ์มหาวิทยาลัย. ^bคณะพาณิชยศาสตร์และการบัญชี.^bภาควิชาสถิติ
945    ^p250^l0^i026969
945    ^p250^l0^i026970
995    ทศพร
999 ^a ทศพร
รายการนี้ยังไม่มีแท็ก
คุณยังไม่ได้ล็อกอิน คุณสามารถมีกิจกรรมร่วมกับเว็บไซต์ได้ แต่ต้องล็อกอินก่อน ::
  ล็อกอิน

รายการสื่อสารสนเทศ

ลำดับที่ ประเภท เลขเรียก/บาร์โค้ด สถานที่ สถานะ
- ไม่พบข้อมูล -

รายการใกล้เคียง
    ผู้แต่ง [กัลยา วานิชย์บัญชา]

    หัวเรื่อง [วิจัย]
    หัวเรื่อง [สถิติ]
    หัวเรื่อง [สถิติวิเคราะห์]
    หัวเรื่อง [สถิติศาสตร์]
    หัวเรื่อง [เอสพีเอสเอส (โปรแกรมคอมพิวเตอร์)]

BibComment


ยังไม่เคยถูกคอมเมนท์

คอมเมนท์ทรัพยากรรายการนี้
  คอมเมนท์: สถิติสำหรับงานวิจ..


 Copyright 2026. Bcnsprnw @Library